000 00524nam a2200169Ia 4500
003 GCL
008 140319s9999 xx 000 0 ara d
040 _aGCL /
_cGCL
082 0 4 _a658.16
_bم ا
100 1 _aمحمد عبدالله عبدالرحيم
245 1 0 _aادارة المشتريات الصناعية /
_cمحمد عبدالله عبدالرحيم
260 _a[S.N] :
_bمطبعة دار هندى ،
_c1985
300 _a424 ص
490 _a
650 0 4 _aادارة المشتريات
942 _2ddc
_cBK
999 _c30666
_d30666